Analýza a vývoj hospodárnosti v 7. 5RP v ZTS n.p. Detva záverečná práca postgraduálneho štúdia

Saved in:
Bibliographic Details
Main Author: Hanzelová, Valéria
Corporate Author: Vysoká škola ekonomická v Bratislave
Other Authors: Zalai, Karol
Format: Book
Language:Slovak
Published: Bratislava 1987
Tags: Add Tag
No Tags, Be the first to tag this record!

MARC

LEADER 00000nam a2200000 4500
001 c024600
005 20230116091247.5
041 0 |a slo 
044 |a SK 
245 1 0 |a Analýza a vývoj hospodárnosti v 7. 5RP v ZTS n.p. Detva  |b záverečná práca postgraduálneho štúdia  |c Valéria Hanzelová ; Ved. práce Karol Zalai 
264 1 |a Bratislava  |c 1987 
300 |a 51 s. 
100 1 |a Hanzelová, Valéria 
700 1 |a Zalai, Karol 
710 2 |a Vysoká škola ekonomická v Bratislave